00742 2200253 4500001002100000008004100021035002000062245012300082100001600205260004400221300002700265020002200292084001400314520003700328082000800365650003100373990001200404990001200416990001200428990001200440990001200452990001200464990001200476INLIS000000000015487 ind  a0010-0223000008 aSains yang Mengagumkan!b101 Hal Luar Biasa yang Kalian Harus TahucLisa Regan; alih bahasa, Luh Gede Tri Purwani Dewi aLISA, Regan aJakarta :bElex Media Komputindo,c2019 a127 hal.: ilus.c24 cm a978-602-04-9525-5 a507 LIS s aJudul asli : Science is Awesome! a507 aSAINS-STUDI DAN PENGAJARAN a10717 a a10717 b a10717 c a10717 d a10717 e a10717 f a10717 g